000 00481nam a22001937a 4500
003 MPLRDC
005 20220104142524.0
008 210129b ||||| |||| 00| 0 eng d
020 _a981-04-5107-8
082 _a856.8 QZY v.2
100 _a邱昭瑜
245 _a文字的奥秘:生活篇
_c
250 _a初版
260 _a
_b大众书局
_c2001
300 _b
490 _a中国文字的前世今生. 2
650 _a函牍及杂著
942 _cBK
_o856.8 QZY v.2
999 _c31564
_d31554